000 01667 a2200229 4500
001 40614
005 20260407155701.0
008 260407a2015 arg spa d
003 AR-UNSa-BCEJYS
040 _aAR-UNSa-BCEJYS
_bspa
_cAR-UNSa-BCEJYS
080 _a519.87
_xModelos matemáticos para la investigación operativa
245 1 0 _aSimulación de modelos financieros
020 _a978-987-1609-68-0
264 1 _aBuenos Aires :
_bAlfaomega
_c2015
300 _axi, 512 p.
_c23 cm.
505 _a1. Presentación - 2. Introducción al proceso de decisión bajo condiciones de riesgo e incertidumbre - 3. Conceptos elementales de estadística - 4. Medidas de posición y de dispersión - 5. Distribuciones de probabilidad discreta - 6. Distribuciones de probabilidad continua - 7. Números aleatorios - 8. Análisis de sensibilidad tradicional - 9. Introducción a la simulación de Montecarlo - 10. Simulación de Montecarlo y análisis de sensibilidad con el software simular - 11. Utilizando la información histórica para determinar distribuciones de probabilidad - 12. Técnicas de pronóstico y predicción - 13. Análisis de optimización y simulación - 14. Problemas de decisión vinculados a la investigación de operaciones - 15. Proyección de estados financieros y valuación de acciones - 16. Modelos de portafolios de inversión - 17. Dinámica de precios y valuación de opciones - 18. Instrumentos financieros de renta fija
041 _aspa
942 _cBK
590 _aniveau_biblio:m niveau_hierar:0
100 1 _aMachain, Luciano
856 4 1 _uhttps://biblioeco.unsa.edu.ar/pmb/images/libros/L126140_.jpg
_yImagen de portada
_qimage/jpeg
999 _c3264
_d3264